• 首页
  • 本馆介绍
  • 公告通知
  • 最新文献
  • 馆藏检索
  • 电子资源
  • 读者导购
  • 参考咨询
  • 我的图书馆
  • 登录
  • 详细信息显示
  • 放入我的书架
  • 预约/预借图书
  • 作者相关作品
  • 分类相关作品
  • 丛书相关作品
  • 出版社相关作品

书目信息

  • 表格格式
  • 工作单格式
  • 卡片格式
题名:
海德格尔与妻书
    
 
作者: 海德格尔 著 ;常晅 , 祁沁雯 译
分册:  
出版信息: 南京   南京大学出版社  2016
页数: 503页
开本: 24cm
丛书名: 世界著名思想家通信集译丛
单 册:
中图分类: B516.54
科图分类:
主题词:
电子资源:
ISBN: 978-7-305-17238-0
000 01362nam0 22002891 450
001 0120082301
005 20170320090419.39
010    @a978-7-305-17238-0@dCNY80.00
100    @a20160920d2016 em y0chiy50 ea
101 1  @achi@cger
102    @aCN@b320000
105    @aa z 001ed
106    @ar
200 1  @a海德格尔与妻书@9hai de ge er yu qi shu@dMein liebes seelchen! Briefe Martin Heideggers an seine Frau Elfride 1915-1970@f(德)葛尔特鲁特·海德格尔选编@g常晅,祁沁雯译@zger
210    @a南京@c南京大学出版社@d2016
215    @a503页@c照片@d24cm
225 2  @a世界著名思想家通信集译丛@9shi jie zhu ming si xiang jia tong xin ji yi cong
330    @a本书集中记录了海德格尔与妻子埃尔福丽德的交往与交流,并使读者能够尽窥海德格尔一生中的高潮、转折和日常生活的点滴:在托特瑙山建设著名的小木屋、在马尔堡应聘中的困难、经济困境、他对女性的看法以及他在创作自己的著作时投入的努力。
461  0 @12001 @a世界著名思想家通信集译丛
510 1  @aMein liebes seelchen! Briefe Martin Heideggers an seine Frau Elfride 1915-1970@zger
600  0 @a海德格尔@Ahai de ge er@c(Heidegger, Martin@f1889-1976)@x书信集
690    @aB516.54@v5
701  0 @c(德)@a海德格尔@9hai de ge er@c(女,Heidegger@f1955~)@4著
702  0 @a常晅@9chang xuan@c(德语)@4译
702  0 @a祁沁雯@9qi qin wen@4译
801  0 @aCN@bTANGWEI@c20170308
905    @b0957576-8@dB516.54@e152@f3
    
    海德格尔与妻书=Mein liebes seelchen! Briefe Martin Heideggers an seine Frau Elfride 1915-1970/(德)葛尔特鲁特·海德格尔选编/常晅,祁沁雯译.-南京:南京大学出版社,2016
    503页:照片;24cm.-(世界著名思想家通信集译丛)
    
    
    ISBN 978-7-305-17238-0:CNY80.00
    本书集中记录了海德格尔与妻子埃尔福丽德的交往与交流,并使读者能够尽窥海德格尔一生中的高潮、转折和日常生活的点滴:在托特瑙山建设著名的小木屋、在马尔堡应聘中的困难、经济困境、他对女性的看法以及他在创作自己的著作时投入的努力。
●
相关链接 在E读中查询图书 在五车中查询图书 在当当中查询图书 在豆瓣中查询图书


正题名:海德格尔与妻书     索取号:B516.54/152         预约/预借

序号 登录号 条形码 馆藏地/架位号 状态 备注
1 0957576   209575761   第一样本阅览室/ [索取号:B516.54/152] 在馆    
2 0957577   209575770   第一借阅区/ [索取号:B516.54/152] 在馆    
3 0957578   209575789   第一借阅区/ [索取号:B516.54/152] 在馆    
唐山师范学院图书馆 欢迎您!
大连网信软件有限公司© 版权所有